000 00204 a2200097 4500
001 17611
100 _aConn G R T
245 _aEssays in physics
260 _a
_bAcademic Press
_c
090 _c13002
_d13002
942 _aNUST-CAE
_cM
_c3340
999 _c252684
_d252684